000 00635nam a2200217Ia 4500
005 20250508165554.0
008 008 250505s9999 xx 000 0 eng d
020 _a978-1-4462-5625-1
037 _aReference
040 _aFEDL
_beng
_cFEDL
041 _aeng
_2eng
084 _a001.42, ISR/RR
_qFEDL
100 _aIsrrael Mark
_9781218
245 0 _aResearch ethics and integrity for social scientists: Beyond regulatory compliance
250 _a2
260 _aLondon, UK
_bSage Publications
_c2015
300 _axi, 247p.
365 _aGBP
_b85
942 _cREF
_h001.42, ISR/RR
999 _c1395936
_d1395936